Rural transformation in India : (Record no. 122825)
[ view plain ]
| 000 -LEADER | |
|---|---|
| fixed length control field | 00753nam a22002177a 4500 |
| 005 - DATE AND TIME OF LATEST TRANSACTION | |
| control field | 20170124105916.0 |
| 010 ## - LIBRARY OF CONGRESS CONTROL NUMBER | |
| LC control number | B-219832 |
| 020 ## - INTERNATIONAL STANDARD BOOK NUMBER | |
| Terms of availability | 870.00 |
| International Standard Book Number | 9798177080864 |
| 035 ## - SYSTEM CONTROL NUMBER | |
| System control number | B-219832 |
| 037 ## - SOURCE OF ACQUISITION | |
| Source of stock number/acquisition | Cen Lib/Ret |
| 040 ## - CATALOGING SOURCE | |
| Original cataloging agency | DPL |
| Language of cataloging | EN |
| 082 ## - DEWEY DECIMAL CLASSIFICATION NUMBER | |
| Classification number | 338.15 |
| Item number | RUR |
| 245 ## - TITLE STATEMENT | |
| Title | Rural transformation in India : |
| Statement of responsibility, etc | edited by A Vinayak Reddy [and] G.Bhaskar |
| Remainder of title | the impact of globalisatiaon / |
| 260 ## - PUBLICATION, DISTRIBUTION, ETC. (IMPRINT) | |
| Place of publication, distribution, etc | New Delhi |
| Name of publisher, distributor, etc | New Century Publication |
| Date of publication, distribution, etc | 2005 |
| 270 ## - ADDRESS | |
| Address | 4800/24-Bharat Ram Road, Ansari Road Darya Ganj |
| City | New Delhi |
| Postal code | 110002 |
| 300 ## - PHYSICAL DESCRIPTION | |
| Extent | xvi, 397p. |
| Dimensions | 22cm (Hb) |
| 650 ## - SUBJECT ADDED ENTRY--TOPICAL TERM | |
| Topical term or geographic name as entry element | Globalisation-rural developpment |
| 9 (RLIN) | 2520 |
| 650 ## - SUBJECT ADDED ENTRY--TOPICAL TERM | |
| Topical term or geographic name as entry element | Crop science-technologies |
| 9 (RLIN) | 2521 |
| 700 ## - ADDED ENTRY--PERSONAL NAME | |
| Personal name | Bhaskar, G. |
| 9 (RLIN) | 105297 |
| 942 ## - ADDED ENTRY ELEMENTS (KOHA) | |
| Source of classification or shelving scheme | Dewey Decimal Classification |
| Koha item type | English Books |
| Classification part | 338.15 |
| Call number suffix | RUR |
| Withdrawn status | Lost status | Source of classification or shelving scheme | Damaged status | Not for loan | Collection code | Home library | Current library | Date acquired | Source of acquisition | Cost, normal purchase price | Total Checkouts | Full call number | Barcode | Date last seen | Copy number | Cost, replacement price | Price effective from | Koha item type |
|---|---|---|---|---|---|---|---|---|---|---|---|---|---|---|---|---|---|---|
| Dewey Decimal Classification | Non-fiction | Central Library | Central Library | 30/05/2015 | Cen Lib/Ret | 870.00 | 338.15 | B-219832 | 30/05/2015 | 1 | 870.00 | 30/05/2015 | English Books |
